Southville International School and Colleges
Your cart is empty.
  • Cart
  • Lists
    Public lists Eva Luna New books Lux_list list_1
    Your lists Log in to create your own lists
  • Log in to your account
  • Your cookies
  • Search history
Southville International School and Colleges
  • Advanced search
  • Recent comments
  • Most popular
  • Libraries

Log in to your account

Log in with GOOGLE


If you do not have an external account, but do have a local account, you can still log in:

  1. Home
  2. MARC view: Selling tourist destinations :
Normal view MARC view ISBD view

Selling tourist destinations : (Record no. 276033)

[ view plain ]
MARC details
000 -LEADER
fixed length control field 00637nam a22002177a 4500
003 - CONTROL NUMBER IDENTIFIER
control field PILC
005 - DATE AND TIME OF LATEST TRANSACTION
control field 20160321113308.0
008 - FIXED-LENGTH DATA ELEMENTS--GENERAL INFORMATION
fixed length control field 141008b xxu||||| |||| 00| 0 eng d
020 ## - INTERNATIONAL STANDARD BOOK NUMBER
International Standard Book Number 9789814314787
050 ## - LIBRARY OF CONGRESS CALL NUMBER
Classification number G 155.A1
Item number .M312 2013
100 ## - MAIN ENTRY--PERSONAL NAME
Personal name Mancini, Marc.
245 ## - TITLE STATEMENT
Title Selling tourist destinations :
Remainder of title geography for travel professionals /
Statement of responsibility, etc Marc Mancini.
250 ## - EDITION STATEMENT
Remainder of edition statement Philippine edition.
260 ## - PUBLICATION, DISTRIBUTION, ETC. (IMPRINT)
Place of publication, distribution, etc Singapore :
Name of publisher, distributor, etc Cengage Learning,
Date of publication, distribution, etc 2013.
300 ## - PHYSICAL DESCRIPTION
Extent 551 pages :
Other physical details illustrations ;
Dimensions 24 cm.
500 ## - GENERAL NOTE
General note Includes index.
521 ## - TARGET AUDIENCE NOTE
Target audience note Tourism
650 ## - SUBJECT ADDED ENTRY--TOPICAL TERM
Topical term or geographic name as entry element Destinations.
650 ## - SUBJECT ADDED ENTRY--TOPICAL TERM
Topical term or geographic name as entry element Selling.
942 ## - ADDED ENTRY ELEMENTS (KOHA)
Source of classification or shelving scheme Library of Congress Classification
Koha item type Books
Call number prefix Foreign
Holdings
Withdrawn status Lost status Source of classification or shelving scheme Damaged status Home library Current library Shelving location Date acquired Source of acquisition Total Checkouts Full call number Barcode Date last seen Price effective from Koha item type
    Library of Congress Classification   College Library College Library General Circulation Section 05/28/2014 Library Fund   G 155.A1 .M312 2010 C18040 05/15/2018 05/28/2014 Books
    Library of Congress Classification   College Library College Library Reserve Section 10/08/2014 Library Fund   G 155.A1 .M312 2013 C18764 05/15/2018 10/08/2014 Books

Selling tourist destinations :

APA

Mancini M., . (2013). Selling tourist destinations. Singapore: Cengage Learning.

Chicago

Mancini Marc, . 2013. Selling tourist destinations. Singapore: Cengage Learning.

Harvard

Mancini M., . (2013). Selling tourist destinations. Singapore: Cengage Learning.

MLA

Mancini Marc, . Selling tourist destinations. Singapore: Cengage Learning. 2013.

  • Place hold
  • Print
  • Cite
  • Add to your cart (remove)
  • Save record
    BIBTEX Dublin Core MARCXML MARC (non-Unicode/MARC-8) MARC (Unicode/UTF-8) MARC (Unicode/UTF-8, Standard) MODS (XML) RIS
  • More searches
    Search for this title in:
    Other Libraries (WorldCat) Other Databases (Google Scholar) Online Stores (Bookfinder.com) Open Library (openlibrary.org)

Exporting to Dublin Core...

SOUTHVILLE LIBRARY

Southville International School and Colleges Library

1281 Tropical Ave. Cor. Luxembourg St., BF Homes International, Las Pinas City

Tel. No. 8256374 / 252358 Loc. 117/146

Powered by Koha